000 00837nam a2200277 4500
005 20230614185759.0
008 200908b2018 xxu||||| |||| 00| 0 spa d
020 _a9788481439663
041 _aESP
082 _a005.1 P657i
100 _aPino Correa, Francisco
_980585
100 _aPino Anacona, Andrés
_980586
100 _aCaicedo Rondéz, Andrés
_980587
100 _aPiattini Velthuis, Mario
_980588
245 _aISO/IEC 29110: para procesos software en las pequeñas empresas
260 _aEspaña
260 _bAENOR
260 _c2018
300 _a108 páginas
650 _aINGENIERÍA DE SOFTWARE
_980589
650 _aPEQUEÑAS Y MEDIANAS EMPRESAS
_980590
650 _aADMINISTRACIÓN DE EMPRESAS
_980591
650 _aNORMAS ISO/ IEC 29110
_980592
650 _aPROCESOS EN SOFTWARE
_980593
942 _cBK
999 _c12726
_d12726